LIBRARY ONLINE CATALOGUE

The legacy of sovereign joy : (Record no. 19690)

MARC details
000 -LEADER
fixed length control field 01192cam a22003134a 4500
001 - CONTROL NUMBER
control field 11883737
003 - CONTROL NUMBER IDENTIFIER
control field OSt
005 - DATE AND TIME OF LATEST TRANSACTION
control field 20221024164431.0
008 - FIXED-LENGTH DATA ELEMENTS--GENERAL INFORMATION
fixed length control field 000107s2000 ilu b 001 0ceng
010 ## - LIBRARY OF CONGRESS CONTROL NUMBER
LC control number 00020679
020 ## - INTERNATIONAL STANDARD BOOK NUMBER
International Standard Book Number 1581348134
040 ## - CATALOGING SOURCE
Original cataloging agency DLC
Transcribing agency DLC
Modifying agency DLC
042 ## - AUTHENTICATION CODE
Authentication code pcc
050 00 - LIBRARY OF CONGRESS CALL NUMBER
Classification number BR1700.2
Item number .P56 2000
082 00 - DEWEY DECIMAL CLASSIFICATION NUMBER
Classification number 270/.092/2
-- B
Edition number 21
100 1# - MAIN ENTRY--PERSONAL NAME
Personal name Piper, John,
Dates associated with a name 1946-
245 14 - TITLE STATEMENT
Title The legacy of sovereign joy :
Remainder of title God's triumphant grace in the lives of Augustine, Luther, and Calvin /
Statement of responsibility, etc. John Piper.
260 ## - PUBLICATION, DISTRIBUTION, ETC. (IMPRINT)
Place of publication, distribution, etc. Wheaton, Ill. :
Name of publisher, distributor, etc. Crossway Books,
Date of publication, distribution, etc. 2000
300 ## - PHYSICAL DESCRIPTION
Extent 158 p. ;
Dimensions 24 cm.
490 1# - SERIES STATEMENT
Series statement The swans are not silent ;
Volume/sequential designation v. 1
504 ## - BIBLIOGRAPHY, ETC. NOTE
Bibliography, etc Includes bibliographical references and indexes.
600 00 - SUBJECT ADDED ENTRY--PERSONAL NAME
Personal name Augustine,
Titles and other words associated with a name of Hippo, Saint,
Dates associated with a name 354-430.
600 10 - SUBJECT ADDED ENTRY--PERSONAL NAME
Personal name Luther, Martin,
Dates associated with a name 1483-1546.
600 10 - SUBJECT ADDED ENTRY--PERSONAL NAME
Personal name Calvin, Jean,
Dates associated with a name 1509-1564.
800 1# - SERIES ADDED ENTRY--PERSONAL NAME
Personal name Piper, John,
Dates associated with a name 1946-
Title of a work Swans are not silent ;
Volume/sequential designation v. 1.
906 ## - LOCAL DATA ELEMENT F, LDF (RLIN)
a 7
b cbc
c orignew
d 1
e ocip
f 20
g y-gencatlg
942 ## - ADDED ENTRY ELEMENTS (KOHA)
Source of classification or shelving scheme Library of Congress Classification
Koha item type General Collection
Holdings
Withdrawn status Lost status Source of classification or shelving scheme Not for loan Home library Current library Date acquired Cost, normal purchase price Total Checkouts Full call number Barcode Date last seen Price effective from Koha item type
    Library of Congress Classification   Kabarak, Main Campus Kabarak, Main Campus 24/10/2022 7156.00   BR1700.2 .P56 2000 c.1 032712 02/08/2024 24/10/2022 General Collection
    Library of Congress Classification   Kabarak, Main Campus Kabarak, Main Campus 24/10/2022 1341.00   BR1700.2 .P56 2000 c.2 34962 02/08/2024 24/10/2022 General Collection